| Virtuální polytechnická knihovna - Souborný katalog - Úplný záznam dokumentu - MARC |
Uživatel: --- |
-----nas 22-----zu 4500
001 SKVPK0031888
003 CZ-VPK
005 20260423114737.0
008 260423d19721976||||| | ||| || |||||||
022 $a0369-7967
040 $aABA013$bcze
222 0$aOberflächentechnik
245 00$aOberflächentechnik
260 $aNěmecko :$b Coburg : Sprechsall, 1972,$c1972-1976
650 07$astrojírenství$xsr$2psh
785 00$tMetallpraxis/Oberflächentechnik
785 00$tMRV - Metallpraxis
785 00$tFachberichte für Metallbearbeitung, Oberflächentechnik, Werkzeugmaschine
n$x0343-2459
785 00$tMetallpraxis$x0369-2442
910 $aABA013$r1972-1976
| čtvrtek 14.05.2026 00:04:43 |
© 2001-2015 Národní technická knihovna |
[Virtuální polytechnická knihovna]
[Servisní centrum]
[Souborný katalog]